Полупроводники в науке и технике: в 2 т.
| اللغة: | الروسية |
|---|---|
| منشور في: |
Москва, Изд-во АН СССР, 1957-1958
|
| التنسيق: | كتاب |
| KOHA link: | https://koha.lib.tpu.ru/cgi-bin/koha/opac-detail.pl?biblionumber=84952 |
MARC
| LEADER | 00000nam1a2200000 4500 | ||
|---|---|---|---|
| 001 | 84952 | ||
| 005 | 20260330145037.0 | ||
| 035 | |a (RuTPU)RU\TPU\book\91285 | ||
| 090 | |a 84952 | ||
| 100 | |a 20051108g19571958k||y0rusy50 ca | ||
| 101 | 0 | |a rus | |
| 102 | |a RU | ||
| 200 | 1 | |a Полупроводники в науке и технике |e в 2 т. |f Институт полупроводников АН СССР ; отв. ред. А. Ф. Иоффе | |
| 210 | |a Москва |a Ленинград |c Изд-во АН СССР |d 1957-1958 | ||
| 801 | 1 | |a RU |b 63413507 |c 20051108 |g PSBO | |
| 801 | 2 | |a RU |b 63413507 |c 20080219 |g PSBO | |
| 942 | |c BK | ||